000 00266nam a22001217a 4500
003 OSt
008 231026b |||||||| |||| 00| 0 eng d
041 _ahin
100 _aMahendraji
_95532
245 _aKahani kunj
260 _aAgra
_bSahitya Ratn-Bandar
942 _cBK
999 _c17748
_d17748